000
00205 a2200097 4500
001
22236
100
_a
Hume, K J
245
_a
Engineering metrology
260
_a
_b
Macdonald
_c
1963
090
_c
15181
_d
15181
942
_a
NUST-CAE
_c
M
_c
5760
999
_c
257309
_d
257309